000
00340pab a2200145 454500
008
180718b2003 xxu||||| |||| 00| 0 eng d
100
_a
Sawhney, Ajay
245
_a
E-procurement
260
_c
2003
300
_a
p.125-43.
362
_a
Apr-Sep
650
_a
Electronic procurement
773
_a
Management in Government
909
_a
64509
999
_c
64509
_d
64509